Qui a composé ces symphonies ? - Statistiques

Statistiques générales
  • Ce quiz a été pris 50 fois
  • Le résultat moyen est 40 sur 77
Statistiques - réponses
Symphonie Compositeur (prénom-nom) % Correct
Symphonie n°35 Haffner Wolfgang Amadeus Mozart
98%
Symphonie n°36 Linz Wolfgang Amadeus Mozart
98%
Symphonie n°38 Prague Wolfgang Amadeus Mozart
98%
Symphonie n°41 Jupiter Wolfgang Amadeus Mozart
98%
Symphonie n°3 Eroica Ludwig van Beethoven
95%
Symphonie n°5 du Destin Ludwig van Beethoven
95%
Symphonie n°6 Pastorale Ludwig van Beethoven
95%
Harold en Italie, symphonie concertante Hector Berlioz
71%
Roméo et Juliette, symphonie dramatique Hector Berlioz
71%
Symphonie fantastique Hector Berlioz
71%
Symphonie funèbre et triomphale Hector Berlioz
71%
Symphonie n°1 Rêves d'hiver Piotr Illitch Tchaïkovski
60%
Symphonie n°2 Petite Russie Piotr Illitch Tchaïkovski
60%
Symphonie n°3 Polonaise Piotr Illitch Tchaïkovski
60%
Symphonie n°6 Pathétique Piotr Illitch Tchaïkovski
60%
Symphonie n°4 Tragique Franz Schubert
57%
Symphonie n°9 La Grande Franz Schubert
57%
Symphonie n°1 Les cloches de Zionice Antonin Dvorak
55%
Symphonie n°9 du Nouveau monde Antonin Dvorak
55%
Symphonie n°1 Titan Gustav Mahler
52%
Symphonie n°2 Résurrection Gustav Mahler
52%
Symphonie n°6 Tragique Gustav Mahler
52%
Symphonie n°7 Chant de la nuit Gustav Mahler
52%
Symphonie n°8 des Mille Gustav Mahler
52%
Symphonie n°100 Militaire Joseph Haydn
52%
Symphonie n°101 L'Horloge Joseph Haydn
52%
Symphonie n°103 Roulement de timbale Joseph Haydn
52%
Symphonie n°104 Londres Joseph Haydn
52%
Symphonie n°22 Le Philosophe Joseph Haydn
52%
Symphonie n°26 Lamentations Joseph Haydn
52%
Symphonie n°30 Alléluia Joseph Haydn
52%
Symphonie n°31 L'Affût Joseph Haydn
52%
Symphonie n°38 Echo Joseph Haydn
52%
Symphonie n°39 La mer troublée Joseph Haydn
52%
Symphonie n°43 Mercure Joseph Haydn
52%
Symphonie n°44 Funèbre Joseph Haydn
52%
Symphonie n°45 Les Adieux Joseph Haydn
52%
Symphonie n°48 Marie-Thérèse Joseph Haydn
52%
Symphonie n°49 La Passion Joseph Haydn
52%
Symphonie n°53 L'Impériale Joseph Haydn
52%
Symphonie n°55 Le Maître d'école Joseph Haydn
52%
Symphonie n°58 Le Palindrome Joseph Haydn
52%
Symphonie n°59 Le Feu Joseph Haydn
52%
Symphonie n°6 Le Matin Joseph Haydn
52%
Symphonie n°60 Le Distrait Joseph Haydn
52%
Symphonie n°63 La Roxelane Joseph Haydn
52%
Symphonie n°64 Tempora Mutantur Joseph Haydn
52%
Symphonie n°7 Le Midi Joseph Haydn
52%
Symphonie n°73 La Chasse Joseph Haydn
52%
Symphonie n°8 Le Soir Joseph Haydn
52%
Symphonie n°82 L'Ours Joseph Haydn
52%
Symphonie n°83 La Poule Joseph Haydn
52%
Symphonie n°85 La Reine Joseph Haydn
52%
Symphonie n°92 Oxford Joseph Haydn
52%
Symphonie n°94 La Surprise Joseph Haydn
52%
Symphonie n°96 Miracle Joseph Haydn
52%
Symphonie n°11 L'année 1905 Dmitri Chostakovitch
48%
Symphonie n°12 L'année 1917 Dmitri Chostakovitch
48%
Symphonie n°13 Babi Yar Dmitri Chostakovitch
48%
Symphonie n°2 A octobre Dmitri Chostakovitch
48%
Symphonie n°2 Le 1er mai Dmitri Chostakovitch
48%
Symphonie n°7 Leningrad Dmitri Chostakovitch
48%
Symphonie n°2 Chant de louange Félix Mendelssohn
43%
Symphonie n°3 Ecossaise Félix Mendelssohn
43%
Symphonie n°4 Italienne Félix Mendelssohn
43%
Symphonie n°5 Réformation Félix Mendelssohn
43%
Symphonie n°1 dite classique Serge Prokofiev
43%
Dante Symphonie Franz Liszt
38%
Faust Symphonie Franz Liszt
38%
Symphonie Roma Georges Bizet
31%
Petite symphonie pour neuf instruments à vent Charles Gounod
26%
Symphonie n°2 Antar Nikolaï Rimski-Korsakov
14%
Symphonie n°2 L'Océan Anton Rubinstein
7%
Symphonie n°4 Dramatique Anton Rubinstein
7%
Symphonie n°12 La Rurale Darius Milhaud
7%
Symphonie n°3 Te Deum Darius Milhaud
7%
Symphonie n°8 Rhodanienne Darius Milhaud
7%
Aucun quiz correspondant
Distribution des résultats
% des personnes avec chaque résultat
Percentile par nombre de réponses
Votre historique - résultats
Vous n’avez pas pris ce quiz